000 00336 a2200157 4500
001 182953
020 _a
040 _cMagnum
100 _aRizzini, Carlos Toledo
240 1 0 _aO homem e sua felicidade
_lpor
245 1 0 _aO homem e sua felicidade
300 _a247
362 0 _a1994
697 _aLITERATURA GERAL
942 _cBK
999 _c182953
_d182953